[Event "AUT chT"]
[Site "2. Bundesliga Mitte 2003/04"]
[Date "2003.08.??"]
[Round "1"]
[White "Benda, Herbert"]
[Black "Sandhoefner, Florian"]
[Result "1/2-1/2"]
[WhiteElo "2260"]
[BlackElo "2247"]
[PlyCount "57"]
[EventDate "2003.??.??"]

1. e4 c5 2. Nf3 d6 3. d4 cxd4 4. Nxd4 Nf6 5. Nc3 g6 6. Be3 Bg7 7. f3 O-O 8. Qd2
Nc6 9. Bc4 Qa5 10. O-O-O Bd7 11. Kb1 Rfc8 12. Bb3 Ne5 13. Bh6 Nc4 14. Bxc4 Bxh6
15. Qxh6 Rxc4 16. h4 Rac8 17. h5 Rxc3 18. bxc3 Nxh5 19. Rd3 Rxc3 20. Nb3 Qc7
21. Qd2 Rc6 22. g4 Nf6 23. e5 dxe5 24. g5 Bf5 25. Rd8+ Kg7 26. gxf6+ Kxf6 27.
Rc1 Bxc2+ 28. Kb2 Bxb3 29. Rxc6+ 1/2-1/2

[Event "AUT chT"]
[Site "2. Bundesliga Mitte 2003/04"]
[Date "2003.08.??"]
[Round "1"]
[White "Buhmann, Rainer"]
[Black "Zaja, Ivan"]
[Result "1/2-1/2"]
[WhiteElo "2527"]
[BlackElo "2430"]
[PlyCount "48"]
[EventDate "2003.??.??"]

1. Nf3 Nf6 2. c4 b6 3. g3 Bb7 4. Bg2 e6 5. O-O Be7 6. Nc3 O-O 7. Re1 Ne4 8. Qc2
Nxc3 9. bxc3 Nc6 10. e4 Na5 11. d3 f5 12. exf5 Rxf5 13. Nd4 Rf8 14. Nb3 Bxg2
15. Kxg2 Nb7 16. d4 Nd6 17. c5 Nf5 18. Qe4 c6 19. Bf4 Qe8 20. Kh1 Qh5 21. Qe2
Qh3 22. Qf1 Qh5 23. Qe2 Qh3 24. Qf1 Qh5 1/2-1/2

[Event "AUT chT"]
[Site "2. Bundesliga Mitte 2003/04"]
[Date "2003.08.??"]
[Round "1"]
[White "Bukal, Vladimir Jr"]
[Black "Tratar, Marko"]
[Result "1-0"]
[WhiteElo "2381"]
[BlackElo "2455"]
[PlyCount "67"]
[EventDate "2003.??.??"]

1. d4 Nf6 2. c4 g6 3. g3 Bg7 4. Bg2 O-O 5. Nc3 d6 6. Nf3 c6 7. O-O Bf5 8. Re1
Ne4 9. Nxe4 Bxe4 10. Bh3 Bxf3 11. exf3 e6 12. d5 exd5 13. cxd5 Na6 14. Bf4 c5
15. Qb3 Rb8 16. a4 Nc7 17. Bf1 a6 18. a5 Ne8 19. Qc2 Nf6 20. Qd2 Re8 21. Red1
Nh5 22. Bg5 Qc7 23. Ra3 Bd4 24. g4 Ng7 25. Qc1 Qd7 26. Rxd4 cxd4 27. Bf6 Re5
28. Qh6 Ne8 29. g5 Re1 30. Kg2 Qf5 31. Bd3 Qxd5 32. Ra4 Rd1 33. Rxd4 Rxd3 34.
Qxh7+ 1-0

[Event "AUT chT"]
[Site "2. Bundesliga Mitte 2003/04"]
[Date "2003.08.??"]
[Round "1"]
[White "Butunoi, Alexandru"]
[Black "Taggatz, Mario"]
[Result "1-0"]
[WhiteElo "2412"]
[BlackElo "2230"]
[PlyCount "73"]
[EventDate "2003.??.??"]

1. e4 d6 2. d4 Nf6 3. Nc3 g6 4. f4 Bg7 5. Nf3 c5 6. d5 O-O 7. Bc4 b5 8. Nxb5
Nxe4 9. O-O a6 10. Na3 Nd7 11. Bd3 Nef6 12. c4 e6 13. dxe6 fxe6 14. Ng5 Re8 15.
Rb1 Bb7 16. Nc2 e5 17. f5 e4 18. Be2 Nf8 19. fxg6 hxg6 20. b4 Bc6 21. Be3 Ne6
22. Qe1 Ba4 23. Bd1 Bxc2 24. Bxc2 Ng4 25. Qh4 Nxg5 26. Qxg4 Bd4 27. Rbe1 Bxe3+
28. Rxe3 Kg7 29. Rg3 Re5 30. h4 cxb4 31. hxg5 Qb6+ 32. Kh2 Rh8+ 33. Rh3 Rxh3+
34. gxh3 Qd8 35. Bxe4 Qe7 36. Bd5 Re2+ 37. Kh1 1-0

[Event "AUT chT"]
[Site "2. Bundesliga Mitte 2003/04"]
[Date "2003.08.??"]
[Round "1"]
[White "Ebner, Hubert"]
[Black "Janz, Frerik"]
[Result "1/2-1/2"]
[WhiteElo "2256"]
[BlackElo "2394"]
[PlyCount "74"]
[EventDate "2003.??.??"]

1. Nf3 c5 2. c4 b6 3. g3 Bb7 4. Bg2 Nf6 5. Nc3 e6 6. O-O d6 7. d4 cxd4 8. Qxd4
a6 9. Rd1 Nbd7 10. e4 Qc7 11. b3 Rd8 12. Ba3 Nc5 13. e5 Nfe4 14. Nxe4 Nxe4 15.
exd6 Nxd6 16. Qe5 Rd7 17. Rd3 Nf5 18. Bxf8 Rxf8 19. Rxd7 Kxd7 20. Qc3 f6 21.
Nd4 Nxd4 22. Qxd4+ Ke7 23. Bxb7 Qxb7 24. Rd1 Qc7 25. h4 Rd8 26. Qxd8+ Qxd8 27.
Rxd8 Kxd8 28. Kf1 h5 29. Ke2 Kd7 30. Kd3 a5 31. a3 Kd6 32. b4 a4 33. Ke4 g6 34.
f3 f5+ 35. Kd4 e5+ 36. Kd3 Ke6 37. Ke3 Kd6 1/2-1/2

[Event "AUT chT"]
[Site "2. Bundesliga Mitte 2003/04"]
[Date "2003.08.??"]
[Round "1"]
[White "Gabriel, Christian"]
[Black "Pavasovic, Dusko"]
[Result "1-0"]
[WhiteElo "2560"]
[BlackElo "2596"]
[PlyCount "75"]
[EventDate "2003.??.??"]

1. d4 d5 2. c4 e6 3. Nf3 c6 4. Nbd2 f5 5. g3 Nf6 6. Bg2 Bd6 7. O-O O-O 8. Ne5
b6 9. b3 Bb7 10. Bb2 Qe7 11. Nd3 Nbd7 12. e3 Ne4 13. Rc1 c5 14. Qe2 a5 15. Rfd1
a4 16. Nb1 axb3 17. axb3 dxc4 18. bxc4 Rac8 19. Qc2 Bc6 20. Qb3 Ra8 21. Nc3
Nxc3 22. Bxc3 Bxg2 23. Kxg2 cxd4 24. Bxd4 Rab8 25. Qb5 Rfc8 26. Kg1 Rb7 27. Rc2
Nc5 28. Rb2 Nxd3 29. Rxd3 Bc5 30. Be5 Qe8 31. Qa6 Rd7 32. Rbd2 Rxd3 33. Rxd3
Bf8 34. Qa7 Rxc4 35. Rd7 Rc1+ 36. Kg2 Qg6 37. Qb8 Rc6 38. Rxg7+ 1-0

[Event "AUT chT"]
[Site "2. Bundesliga Mitte 2003/04"]
[Date "2003.08.??"]
[Round "1"]
[White "Heimberger, Reinhard"]
[Black "Manca, Federico"]
[Result "1/2-1/2"]
[WhiteElo "2301"]
[BlackElo "2358"]
[PlyCount "54"]
[EventDate "2003.??.??"]

1. d4 d5 2. Nf3 c5 3. c3 e6 4. g3 Nf6 5. Bg2 Nc6 6. O-O Bd6 7. dxc5 Bxc5 8. b4
Bd6 9. Nbd2 O-O 10. Nb3 a5 11. b5 Ne5 12. Nxe5 Bxe5 13. Ba3 Bd6 14. Bxd6 Qxd6
15. a4 Qc7 16. Rc1 Bd7 17. Qd3 Rac8 18. Rfd1 Rfd8 19. Qb1 b6 20. Nd2 Qe5 21.
Qd3 Rc5 22. e4 Rdc8 23. f4 Qh5 24. e5 Rxc3 25. Rxc3 Qxd1+ 26. Bf1 Rxc3 27. Qxc3
Ne8 1/2-1/2

[Event "AUT chT"]
[Site "2. Bundesliga Mitte 2003/04"]
[Date "2003.08.??"]
[Round "1"]
[White "Hiermann, Dietmar"]
[Black "Supancic, Darko"]
[Result "1/2-1/2"]
[WhiteElo "2256"]
[BlackElo "2377"]
[PlyCount "62"]
[EventDate "2003.??.??"]

1. e4 c5 2. Nf3 Nf6 3. e5 Nd5 4. Nc3 e6 5. Nxd5 exd5 6. d4 Nc6 7. dxc5 Bxc5 8.
Qxd5 d6 9. exd6 Qb6 10. Qe4+ Be6 11. Qh4 Bxd6 12. Bd3 Nb4 13. O-O Nxd3 14. cxd3
O-O 15. b3 Bd5 16. Be3 Qd8 17. Qxd8 Rfxd8 18. Nd2 Bb4 19. Rfd1 Rdc8 20. Rac1
Bxd2 21. Bxd2 a6 22. f3 f6 23. Kf2 Kf7 24. Bb4 Rxc1 25. Rxc1 Bc6 26. Re1 Re8
27. Rxe8 Bxe8 28. Ke3 Ke6 29. Kd4 g5 30. g3 Bc6 31. Ke3 h5 1/2-1/2

[Event "AUT chT"]
[Site "2. Bundesliga Mitte 2003/04"]
[Date "2003.08.??"]
[Round "1"]
[White "Horvath, Csaba"]
[Black "Timoscenko, Genadij"]
[Result "1/2-1/2"]
[WhiteElo "2513"]
[BlackElo "2530"]
[PlyCount "43"]
[EventDate "2003.??.??"]

1. d4 d5 2. c4 c6 3. Nc3 Nf6 4. e3 a6 5. Qc2 g6 6. Bd3 Bg7 7. Nf3 Bg4 8. Ne5
Be6 9. b3 c5 10. Ne2 cxd4 11. Nxd4 Qd6 12. Nxe6 Qxe6 13. Bb2 O-O 14. O-O Nbd7
15. Nxd7 Qxd7 16. Rfd1 Rfc8 17. Qe2 Qe8 18. a4 dxc4 19. Bxc4 Ne4 20. Bxg7 Kxg7
21. Qb2+ Kg8 22. Rac1 1/2-1/2

[Event "AUT chT"]
[Site "2. Bundesliga Mitte 2003/04"]
[Date "2003.08.??"]
[Round "1"]
[White "Kranzl, Peter"]
[Black "Stoll, Thomas"]
[Result "1-0"]
[WhiteElo "2246"]
[BlackElo "2231"]
[PlyCount "55"]
[EventDate "2003.??.??"]

1. e4 c5 2. c3 g6 3. Nf3 Bg7 4. Bc4 a6 5. O-O d6 6. d4 Qc7 7. Qe2 b5 8. Bd5 Bb7
9. dxc5 Bxd5 10. exd5 Qxc5 11. Rd1 Nd7 12. Be3 Qc4 13. Qxc4 bxc4 14. Na3 Rc8
15. Nd2 Ne5 16. Bd4 Nf6 17. Bxe5 dxe5 18. Ndxc4 e4 19. d6 Rd8 20. Rd4 exd6 21.
Nxd6+ Ke7 22. Rad1 h5 23. Nac4 Ng4 24. Rxe4+ Kf8 25. Rde1 Bf6 26. Re8+ Kg7 27.
Rxh8 Rxh8 28. h3 1-0

[Event "AUT chT"]
[Site "2. Bundesliga Mitte 2003/04"]
[Date "2003.08.??"]
[Round "1"]
[White "Krebs, Johann"]
[Black "Testor, Sebastian"]
[Result "1-0"]
[WhiteElo "2304"]
[BlackElo "2158"]
[PlyCount "39"]
[EventDate "2003.??.??"]

1. d4 e6 2. Nf3 Nf6 3. c4 b6 4. g3 Ba6 5. Nbd2 c5 6. e4 cxd4 7. e5 Ng4 8. h3
Nh6 9. Bg2 Bb7 10. O-O Nf5 11. g4 Ne7 12. Re1 Ng6 13. Ne4 d5 14. exd6 Bxd6 15.
Qxd4 Bf8 16. Qxd8+ Kxd8 17. Neg5 Ke8 18. Nxf7 Bb4 19. Nxh8 Nxh8 20. Rxe6+ 1-0

[Event "AUT chT"]
[Site "2. Bundesliga Mitte 2003/04"]
[Date "2003.08.??"]
[Round "1"]
[White "Linhart, Wolfgang"]
[Black "Schnider, Gert"]
[Result "1-0"]
[WhiteElo "2245"]
[BlackElo "2213"]
[PlyCount "43"]
[EventDate "2003.??.??"]

1. d4 d5 2. Nf3 Nf6 3. Bf4 e6 4. e3 Be7 5. Bd3 O-O 6. Nbd2 b6 7. c3 Ba6 8. Bxa6
Nxa6 9. Qe2 Nb8 10. Ne5 c5 11. O-O Qc8 12. Bg5 Nbd7 13. f4 Bd6 14. Rf3 Ne8 15.
Rh3 f6 16. Qh5 Bxe5 17. Qxh7+ Kf7 18. fxe5 fxg5 19. Qh5+ Kg8 20. Nf3 Ndf6 21.
exf6 Rxf6 22. Nxg5 1-0

[Event "AUT chT"]
[Site "2. Bundesliga Mitte 2003/04"]
[Date "2003.08.??"]
[Round "1"]
[White "Pesorda, Ivan"]
[Black "Lautner, Josef"]
[Result "1/2-1/2"]
[WhiteElo "2234"]
[BlackElo "2197"]
[PlyCount "119"]
[EventDate "2003.??.??"]

1. d4 d5 2. c4 e6 3. Nc3 c6 4. e3 f5 5. Bd3 Nf6 6. f4 Bd6 7. Nf3 O-O 8. O-O Bd7
9. c5 Bc7 10. Bd2 Be8 11. Be1 Bh5 12. Bh4 b5 13. b4 a5 14. bxa5 Bxa5 15. Qb3
Nbd7 16. a4 Bxc3 17. Qxc3 bxa4 18. Bc2 Qc7 19. Bxf6 Nxf6 20. Rxa4 Bxf3 21. gxf3
Rxa4 22. Bxa4 Ra8 23. Bc2 Kf8 24. Rb1 Qf7 25. Ra1 Rxa1+ 26. Qxa1 Ng8 27. Qa6
Ne7 28. Ba4 Qg6+ 29. Kh1 Qh5 30. Qf1 Kf7 31. Qg2 h6 32. Qg3 Kf6 33. Bc2 Kf7 34.
Kg2 Qg6 35. Ba4 Qxg3+ 36. hxg3 Kf6 37. Kf2 Kf7 38. Kg2 Kg6 39. Kh3 Kf7 40. Kh4
Kf6 41. Kh5 Kf7 42. g4 Kg8 43. Bc2 Kh7 44. gxf5 exf5 45. e4 fxe4 46. fxe4 dxe4
47. Bxe4+ Kg8 48. Kg4 Kf7 49. f5 Kf6 50. Kf4 h5 51. Bf3 Nxf5 52. Bxc6 Nxd4 53.
Be8 Ne6+ 54. Kg3 Kg5 55. c6 h4+ 56. Kh3 Nf4+ 57. Kh2 Nd5 58. Kh3 Nc7 59. Bd7
Kh5 60. Bg4+ 1/2-1/2

[Event "AUT chT"]
[Site "2. Bundesliga Mitte 2003/04"]
[Date "2003.08.??"]
[Round "1"]
[White "Petroczi, Thomas"]
[Black "Dietmayer Kraeutler, Marco"]
[Result "0-1"]
[WhiteElo "2164"]
[BlackElo "2137"]
[PlyCount "72"]
[EventDate "2003.??.??"]

1. d4 d5 2. Nf3 Nf6 3. Bf4 Bf5 4. e3 e6 5. Bd3 Bg6 6. O-O Bd6 7. Bg5 Nbd7 8. c4
c6 9. Nc3 O-O 10. Bxg6 hxg6 11. cxd5 exd5 12. Qc2 Re8 13. Rfc1 Rc8 14. a3 Qc7
15. Bxf6 Nxf6 16. b4 a6 17. Na4 g5 18. g3 g4 19. Nd2 g6 20. Nc5 Kg7 21. a4 Bxc5
22. Qxc5 Qd7 23. Qc2 Rh8 24. Qd3 Rh3 25. b5 axb5 26. axb5 Rch8 27. Nf1 Ne4 28.
bxc6 bxc6 29. Ra6 Qf5 30. Rc2 Qh5 31. f4 gxf3 32. Raxc6 Qf5 33. Rf2 Qg4 34.
Rcc2 Nxg3 35. Rg2 fxg2 36. Rxg2 Qf5 0-1

[Event "AUT chT"]
[Site "2. Bundesliga Mitte 2003/04"]
[Date "2003.08.??"]
[Round "1"]
[White "Pfaffel, Thomas"]
[Black "Freimueller, Peter"]
[Result "1-0"]
[WhiteElo "2126"]
[BlackElo "2154"]
[PlyCount "97"]
[EventDate "2003.??.??"]

1. e4 c5 2. Nf3 e6 3. d4 cxd4 4. Nxd4 Nf6 5. Nc3 d6 6. Be2 Be7 7. O-O O-O 8.
Be3 a6 9. a4 Nbd7 10. f4 Qc7 11. Bf3 Nb6 12. Bf2 Bd7 13. Qe2 Nc4 14. Nd1 Rac8
15. b3 Na5 16. e5 Ne8 17. c4 dxe5 18. fxe5 Bb4 19. Rb1 Nc6 20. Nc2 Be7 21. Re1
Qa5 22. Kh1 g6 23. Nb2 Ng7 24. Nd3 Nf5 25. Red1 Rfd8 26. b4 Qc7 27. a5 Qb8 28.
Bb6 Rf8 29. Nc5 Be8 30. Nd3 Nd8 31. Nf2 Bc6 32. Nd4 Bxf3 33. Nxf3 Nc6 34. b5
axb5 35. cxb5 Nb4 36. Nd4 Nxd4 37. Bxd4 Rc2 38. Qe4 Qc7 39. Ng4 Nd5 40. a6 bxa6
41. bxa6 Rc4 42. Qf3 Qc6 43. a7 Nb4 44. Qh3 h5 45. Ne3 Rd8 46. Nxc4 Qxc4 47.
Bc5 Qc2 48. Rxd8+ Bxd8 49. Qb3 1-0

[Event "AUT chT"]
[Site "2. Bundesliga Mitte 2003/04"]
[Date "2003.08.??"]
[Round "1"]
[White "Pflug, Matthias"]
[Black "Mohr, Georg"]
[Result "0-1"]
[WhiteElo "2236"]
[BlackElo "2474"]
[PlyCount "70"]
[EventDate "2003.??.??"]

1. e4 c5 2. Nf3 Nc6 3. d4 cxd4 4. Nxd4 g6 5. c4 Bg7 6. Be3 Nf6 7. Nc3 d6 8. Be2
O-O 9. O-O Bd7 10. Rc1 Nxd4 11. Bxd4 Bc6 12. f3 a5 13. Nd5 Nd7 14. Bxg7 Kxg7
15. Qd4+ e5 16. Qf2 Nc5 17. Rfd1 Rc8 18. Rc2 Bxd5 19. Rxd5 Rc6 20. Rcd2 a4 21.
Qe3 Qb6 22. Kh1 f5 23. exf5 Rxf5 24. Bd3 Rf6 25. g3 Qc7 26. Bc2 Ra6 27. Be4 Rb6
28. Qc3 Ra6 29. Qb4 Rc6 30. Kg2 Nxe4 31. fxe4 Rxc4 32. Qa3 Rxe4 33. Qd3 Rb4 34.
Qa3 Qc4 35. Rxd6 Qf1# 0-1

[Event "AUT chT"]
[Site "2. Bundesliga Mitte 2003/04"]
[Date "2003.08.??"]
[Round "1"]
[White "Ruck, Robert"]
[Black "Rogic, Davor"]
[Result "1-0"]
[WhiteElo "2550"]
[BlackElo "2461"]
[PlyCount "89"]
[EventDate "2003.??.??"]

1. d4 d5 2. c4 c6 3. Nf3 Nf6 4. Nc3 dxc4 5. a4 Bf5 6. Ne5 Nbd7 7. Nxc4 Qc7 8.
g3 e5 9. dxe5 Nxe5 10. Bf4 Nfd7 11. Bg2 g5 12. Ne3 gxf4 13. Nxf5 O-O-O 14. Qc2
Bb4 15. O-O fxg3 16. hxg3 h5 17. Rfc1 Nf6 18. a5 a6 19. Ne4 Nd5 20. Qb3 Qd7 21.
Nc5 Bxc5 22. Rxc5 Ng4 23. Rf1 Kb8 24. Nd4 Ka8 25. Bxd5 cxd5 26. Rfc1 Rc8 27.
Qf3 Rxc5 28. Rxc5 Rd8 29. Qf4 Rc8 30. Rxc8+ Qxc8 31. f3 f5 32. fxg4 fxg4 33. b4
Ka7 34. Qd6 Qc1+ 35. Kf2 Qh1 36. Qc5+ Ka8 37. Qf8+ Ka7 38. Qf4 Qh2+ 39. Ke3 h4
40. gxh4 g3 41. Nf3 Qh3 42. Qd4+ Ka8 43. Qxd5 g2 44. Kf2 Qh1 45. Qg8+ 1-0

[Event "AUT chT"]
[Site "2. Bundesliga Mitte 2003/04"]
[Date "2003.08.??"]
[Round "1"]
[White "Steiner, Guenter"]
[Black "Riedner, Martin"]
[Result "1/2-1/2"]
[WhiteElo "2209"]
[BlackElo "2169"]
[PlyCount "25"]
[EventDate "2003.??.??"]

1. e4 e6 2. d4 d5 3. e5 c5 4. Qg4 h5 5. Qg3 h4 6. Qf4 cxd4 7. Nf3 Nc6 8. Bd3
Be7 9. Nxd4 Qb6 10. Nxc6 bxc6 11. O-O Nh6 12. c4 Bd7 13. Qf3 1/2-1/2

[Event "AUT chT"]
[Site "2. Bundesliga Mitte 2003/04"]
[Date "2003.08.??"]
[Round "1"]
[White "Stohl, Igor"]
[Black "Ceschia, Ivano"]
[Result "1-0"]
[WhiteElo "2556"]
[BlackElo "2376"]
[PlyCount "79"]
[EventDate "2003.??.??"]

1. c4 e6 2. d4 d5 3. Nc3 c5 4. cxd5 exd5 5. Nf3 Nc6 6. g3 Nf6 7. Bg2 Be7 8. O-O
O-O 9. Bg5 cxd4 10. Nxd4 h6 11. Bf4 Qb6 12. Nb3 d4 13. Na4 Qb5 14. Nxd4 Nxd4
15. Qxd4 Rd8 16. Qe5 Qxa4 17. Qxe7 Re8 18. Qc7 Rxe2 19. Rfe1 Rxe1+ 20. Rxe1 Be6
21. a3 Bd5 22. Bxd5 Nxd5 23. Qxb7 Rd8 24. Bc1 f5 25. b3 Qd4 26. Qc6 f4 27. Qc4
Qxc4 28. bxc4 Nb6 29. c5 Na4 30. Bxf4 Nxc5 31. Be3 Rd5 32. Rc1 Nd3 33. Rc8+ Kh7
34. Bxa7 g5 35. Rc7+ Kg6 36. Rc6+ Kh7 37. Be3 Ne5 38. Rc7+ Kg6 39. Kg2 h5 40.
Rc5 1-0

[Event "AUT chT"]
[Site "2. Bundesliga Mitte 2003/04"]
[Date "2003.08.??"]
[Round "1"]
[White "Titz, Heimo"]
[Black "Rolletschek, Heinrich"]
[Result "1-0"]
[WhiteElo "2295"]
[BlackElo "2309"]
[PlyCount "79"]
[EventDate "2003.??.??"]

1. d4 f5 2. g3 Nf6 3. Bg2 g6 4. Nh3 Bg7 5. Nf4 c6 6. O-O O-O 7. c3 Na6 8. Nd2
d6 9. Qb3+ Kh8 10. Ne6 Bxe6 11. Qxe6 Nc7 12. Qb3 Rb8 13. e4 f4 14. Nc4 Nh5 15.
Bf3 fxg3 16. fxg3 Qd7 17. Be3 Nf6 18. Rae1 Ng8 19. Bg2 b6 20. d5 Rxf1+ 21. Rxf1
Rf8 22. Rxf8 Bxf8 23. dxc6 Qxc6 24. Nd2 Bh6 25. c4 Bxe3+ 26. Qxe3 Qc5 27. Qxc5
dxc5 28. Bh3 Kg7 29. Kf2 e5 30. Ke3 Kf7 31. Nf3 Kf6 32. Bd7 Ne7 33. h4 Na6 34.
g4 Nb4 35. g5+ Kg7 36. Nxe5 Nxa2 37. Nd3 Kf7 38. Kf4 Ng8 39. Ke5 Ke7 40. Be6
1-0

[Event "AUT chT"]
[Site "2. Bundesliga Mitte 2003/04"]
[Date "2003.08.??"]
[Round "1"]
[White "Tober, Gerhard"]
[Black "Sandner, Wolfgang"]
[Result "1-0"]
[WhiteElo "2278"]
[BlackElo "2245"]
[PlyCount "41"]
[EventDate "2003.??.??"]

1. e4 c5 2. c3 g6 3. d4 b6 4. Nf3 Bg7 5. Bd3 Bb7 6. O-O d6 7. Re1 e6 8. Bf4 Ne7
9. Qd2 O-O 10. Bh6 Nd7 11. Na3 a6 12. Nc4 Qc7 13. Qg5 f6 14. Qg4 f5 15. Qh4 Nf6
16. Bxg7 Kxg7 17. Ng5 Bc8 18. exf5 Nxf5 19. Bxf5 exf5 20. Nxb6 Ra7 21. Nxc8 1-0

[Event "AUT chT"]
[Site "2. Bundesliga Mitte 2003/04"]
[Date "2003.08.??"]
[Round "1"]
[White "Uhlmann, Wolfgang"]
[Black "Pilaj, Herwig"]
[Result "0-1"]
[WhiteElo "2451"]
[BlackElo "2343"]
[PlyCount "81"]
[EventDate "2003.??.??"]

1. c4 Nf6 2. Nc3 g6 3. e4 d6 4. d4 Bg7 5. Be2 O-O 6. Bg5 Na6 7. Nf3 Qe8 8. O-O
h6 9. Be3 e5 10. dxe5 dxe5 11. h3 b6 12. a3 Nh5 13. Re1 Nf4 14. Bf1 Nc5 15. Nd5
Nce6 16. Qd2 Qd8 17. g3 Ng5 18. Nxg5 hxg5 19. gxf4 gxf4 20. Bxf4 exf4 21. Qxf4
c6 22. Nc3 Qd4 23. Rad1 Qe5 24. Qe3 g5 25. c5 Qxc5 26. Qxc5 bxc5 27. Na4 Rb8
28. Re2 g4 29. Rc1 Bd4 30. hxg4 Bxg4 31. Rd2 Rfd8 32. Kg2 Rd6 33. f4 Rg6 34.
Rxd4 cxd4 35. Kf2 Rb3 36. f5 Rf3+ 37. Ke1 Re3+ 38. Kf2 Rf3+ 39. Ke1 Rh6 40. Bg2
Re3+ 41. Kf1 0-1

[Event "AUT chT"]
[Site "2. Bundesliga Mitte 2003/04"]
[Date "2003.08.??"]
[Round "1"]
[White "Winiwarter, Felix"]
[Black "Nickl, Klaus"]
[Result "1-0"]
[WhiteElo "2163"]
[BlackElo "2200"]
[PlyCount "79"]
[EventDate "2003.??.??"]

1. e4 g6 2. d4 c6 3. Nc3 d5 4. e5 Bg7 5. h3 h5 6. Nf3 Nh6 7. Bg5 Qb6 8. Qd2 Bf5
9. O-O-O Nd7 10. Be2 Nf8 11. Kb1 Ne6 12. Be3 a5 13. Nh2 Nc7 14. g4 hxg4 15.
hxg4 Bd7 16. f4 O-O-O 17. Rdg1 f5 18. gxf5 Bxf5 19. Bd3 Rdg8 20. Nf3 Ng4 21.
Ng5 Bh6 22. Nf7 Rh7 23. Nxh6 Rxh6 24. Bxf5+ gxf5 25. Rxh6 Nxh6 26. Rxg8+ Nxg8
27. Qg2 Nh6 28. Qg6 Qa6 29. Qxh6 Qf1+ 30. Bc1 c5 31. Qf8+ Kd7 32. dxc5 d4 33.
Qxf5+ e6 34. Qh7+ Kc8 35. Ne4 d3 36. Nd6+ Kb8 37. Qxd3 Qg1 38. Qe3 Qf1 39. Qe4
Qa6 40. f5 1-0

[Event "AUT chT"]
[Site "2. Bundesliga Mitte 2003/04"]
[Date "2003.09.??"]
[Round "2"]
[White "Bawart, Markus"]
[Black "Ragger, Markus"]
[Result "0-1"]
[WhiteElo "2346"]
[BlackElo "2347"]
[PlyCount "58"]
[EventDate "2003.??.??"]

1. d4 d5 2. c4 e6 3. Nf3 c6 4. Nc3 dxc4 5. a4 Bb4 6. e3 b5 7. Bd2 Qe7 8. Ne5
Bb7 9. Qg4 Nf6 10. Qxg7 Rg8 11. Qh6 Nbd7 12. Be2 Bxc3 13. bxc3 Nxe5 14. dxe5
Ne4 15. Qxh7 Rg6 16. h4 Nxd2 17. Kxd2 O-O-O+ 18. Ke1 Qc7 19. Rc1 Qe7 20. Ra1
Qc7 21. Rc1 c5 22. h5 Rxg2 23. axb5 Qxe5 24. Qh6 Rg5 25. Rf1 Bg2 26. Rg1 Qh2
27. Rf1 Qd6 28. f4 Qd2+ 29. Kf2 Bxf1 0-1

[Event "AUT chT"]
[Site "2. Bundesliga Mitte 2003/04"]
[Date "2003.09.??"]
[Round "2"]
[White "Ceschia, Ivano"]
[Black "Bukal, Vladimir Jr"]
[Result "0-1"]
[WhiteElo "2376"]
[BlackElo "2381"]
[PlyCount "71"]
[EventDate "2003.??.??"]

1. e4 e6 2. d4 d5 3. Nc3 Bb4 4. Nge2 Ne7 5. a3 Ba5 6. b4 Bb6 7. Bb2 Nbc6 8. e5
Nf5 9. Na4 O-O 10. g3 f6 11. Nxb6 axb6 12. Bg2 fxe5 13. dxe5 Nce7 14. Nf4 c5
15. O-O Bd7 16. c4 d4 17. Bxb7 Ra7 18. Bg2 Qe8 19. b5 Nh4 20. Be4 Rxf4 21. gxf4
Qf7 22. Bc1 Neg6 23. a4 Bc8 24. Qg4 Nf5 25. Bd2 Ngh4 26. a5 h5 27. Qg5 Bb7 28.
f3 Qd7 29. axb6 Rxa1 30. Rxa1 Bxe4 31. fxe4 Nf3+ 32. Kf2 Nxg5 33. fxg5 d3 34.
Bc3 d2 35. Rd1 Qd3 36. Ba5 0-1

[Event "AUT chT"]
[Site "2. Bundesliga Mitte 2003/04"]
[Date "2003.09.??"]
[Round "2"]
[White "Dietmayer Kraeutler, Marco"]
[Black "Winiwarter, Felix"]
[Result "0-1"]
[WhiteElo "2137"]
[BlackElo "2163"]
[PlyCount "68"]
[EventDate "2003.??.??"]

1. d4 Nf6 2. Nf3 g6 3. Bf4 Bg7 4. e3 d6 5. Bc4 O-O 6. Nbd2 c6 7. O-O Nbd7 8.
Re1 Qc7 9. e4 e5 10. dxe5 dxe5 11. Bg3 Nh5 12. Bh4 Nc5 13. Nb3 Ne6 14. Qd2 Re8
15. Rad1 h6 16. Qc3 Nhf4 17. Nc1 Kh7 18. Bg3 g5 19. h4 Bf6 20. Ne2 Nxe2+ 21.
Rxe2 Nf4 22. Red2 Qe7 23. hxg5 hxg5 24. Ne1 Kg7 25. b4 Rh8 26. b5 cxb5 27. Bxb5
Be6 28. Ba4 Rh6 29. Bb3 Rah8 30. f3 Qa3 31. Kf2 Rc8 32. Qe3 Be7 33. Nd3 Rc3 34.
Qe1 Bc5+ 0-1

[Event "AUT chT"]
[Site "2. Bundesliga Mitte 2003/04"]
[Date "2003.??.??"]
[Round "2"]
[White "Freimueller, Peter"]
[Black "Pesorda, Ivan"]
[Result "0-1"]
[WhiteElo "2154"]
[BlackElo "2234"]
[PlyCount "82"]
[EventDate "2003.??.??"]

1. c4 c5 2. Nc3 Nf6 3. g3 d5 4. cxd5 Nxd5 5. Bg2 Nc7 6. Nf3 Nc6 7. O-O e5 8. d3
Be7 9. Be3 O-O 10. Na4 Ne6 11. Rc1 Qa5 12. b3 Bd7 13. Qe1 Qxe1 14. Rfxe1 b6 15.
Nc3 Rfd8 16. Nd5 Bf8 17. Nd2 Rac8 18. f4 f6 19. f5 Ned4 20. g4 Be8 21. Be4 Bf7
22. Nc3 g6 23. fxg6 hxg6 24. Rf1 Kg7 25. Rf2 Be7 26. h3 Be6 27. Rcf1 Nc2 28.
Rf3 N6d4 29. Bxd4 cxd4 30. Nd1 Nb4 31. a3 Nd5 32. Nc4 b5 33. Na5 Bxa3 34. Bxd5
Bxd5 35. Rxf6 Rd6 36. g5 Rc1 37. Nb7 Rxf6 38. gxf6+ Kf8 39. Nd8 Rc8 40. e4 dxe3
41. Nxe3 Bc5 0-1

[Event "AUT chT"]
[Site "2. Bundesliga Mitte 2003/04"]
[Date "2003.??.??"]
[Round "2"]
[White "Janz, Frerik"]
[Black "Butunoi, Alexandru"]
[Result "1-0"]
[WhiteElo "2394"]
[BlackElo "2412"]
[PlyCount "60"]
[EventDate "2003.??.??"]

1. c4 c5 2. Nf3 g6 3. d4 cxd4 4. Nxd4 Bg7 5. g3 Nc6 6. Nc2 Qa5+ 7. Bd2 Qc5 8.
Nc3 Nf6 9. e4 d6 10. h3 Bd7 11. b3 Nd4 12. Rc1 Nxc2+ 13. Rxc2 O-O 14. Bg2 Qc8
15. Be3 h5 16. Bd4 Re8 17. Qd2 Kh7 18. g4 Bc6 19. g5 Nd7 20. Bxg7 Kxg7 21. O-O
Qd8 22. f4 Qb6+ 23. Kh2 a5 24. Ne2 Nc5 25. Qe3 Nd7 26. Qc3+ Kg8 27. Nd4 e6 28.
Rd2 Qc5 29. Rfd1 d5 30. Qg3 Nb6 1-0

[Event "AUT chT"]
[Site "2. Bundesliga Mitte 2003/04"]
[Date "2003.09.??"]
[Round "2"]
[White "Manca, Federico"]
[Black "Uhlmann, Wolfgang"]
[Result "1/2-1/2"]
[WhiteElo "2358"]
[BlackElo "2451"]
[PlyCount "59"]
[EventDate "2003.??.??"]

1. e4 e6 2. d4 d5 3. exd5 exd5 4. c4 Nf6 5. Nc3 Be7 6. Nf3 O-O 7. cxd5 Nbd7 8.
Bc4 Nb6 9. Bb3 Nbxd5 10. Ne5 Be6 11. O-O c5 12. Nxd5 Nxd5 13. dxc5 Bxc5 14. Qf3
Qd6 15. Nd3 Bd4 16. Bg5 f6 17. Bd2 Rfe8 18. Rad1 Rad8 19. Rfe1 Bf7 20. Rxe8+
Rxe8 21. Nf4 Nxf4 22. Bxf7+ Kxf7 23. Bxf4 Qc6 24. Qb3+ Qe6 25. Qxb7+ Re7 26.
Qb5 Qe1+ 27. Rxe1 Rxe1+ 28. Qf1 Rxf1+ 29. Kxf1 Bxb2 30. Ke2 1/2-1/2

[Event "AUT chT"]
[Site "2. Bundesliga Mitte 2003/04"]
[Date "2003.09.??"]
[Round "2"]
[White "Mitter, Gerd"]
[Black "Eichhorn, Alfred"]
[Result "1-0"]
[WhiteElo "2188"]
[BlackElo "2102"]
[PlyCount "107"]
[EventDate "2003.??.??"]

1. Nf3 Nf6 2. g3 g6 3. Bg2 Bg7 4. O-O O-O 5. c4 c5 6. Nc3 Nc6 7. d4 cxd4 8.
Nxd4 Nxd4 9. Qxd4 d6 10. Qd3 Nd7 11. b3 Nc5 12. Qd2 Bf5 13. Bb2 Qd7 14. Rfe1
Rab8 15. e4 Bh3 16. Nd5 Bxg2 17. Bxg7 Kxg7 18. Kxg2 e6 19. Nc3 Qc6 20. Rad1
Rbd8 21. f3 a6 22. Qd4+ e5 23. Qe3 Ne6 24. Rd5 f5 25. Red1 f4 26. Qd2 fxg3 27.
hxg3 Nd4 28. Rxd4 exd4 29. Qxd4+ Kf7 30. Nd5 Ke6 31. Nf4+ Kf7 32. Rh1 h5 33.
Nd5 Qe8 34. Qf6+ Kg8 35. Qg5 Qf7 36. Ne7+ Kh7 37. Nf5 Qf6 38. Qh6+ Kg8 39. Nh4
Kf7 40. Qd2 Kg7 41. f4 Rc8 42. f5 Qe5 43. Re1 Qf6 44. Nxg6 Rfe8 45. Nf4 Qh6 46.
Rh1 Kf8 47. Rxh5 Qf6 48. Ne6+ Rxe6 49. fxe6 Qxe6 50. Qf4+ Ke8 51. Rh8+ Ke7 52.
Rh7+ Ke8 53. Qf5 Qxf5 54. exf5 1-0